000 00432nam a2200157 i 4500
001 55228
003 ES-MaACL
005 20230906163115.0
007 t|
008 030916s1906 ag ||||1| spa d
100 1 _aDellepiane, Antonio.
_943540
245 1 0 _aCuestiones de enseƱanza superior /
_cAntonio Dellepiane.
260 _aBuenos Aires :
_bConi Hermanos,
_c1906.
300 _a128 p. ;
_c19 cm.
852 _aES-MaACL
_jF-7964
999 _c55228
_d55228